00549nam a2200169Ia 450000500170000000800410001702000150005808200130007310000200008624500520010626000370015830000130019550000550020894200060026395200950026999900150036420250703013018.0240331s9999 xx 000 0 und d a9555735298 bNIHa790 aNihalsinghe,D.B 0aLankika cinamawe swarnamaya yugata bindaweteema aNugegodabUniversity Pressc2007 a185 p ., aThe Collapse of the golden era of Sri Lanka Cinema cL 001040708LaWERCLbWERCLcSSCd2024-03-31l0o 790 NIHp6189r2024-03-31w2024-03-31yL c5154d5154